Statistics for Most Republican and Democrat US States in the 1988 Election

Click here to take the quiz!

General Stats

  • This quiz has been taken 66 times
  • The average score is 6 of 10

Answer Stats

Answer% Correct
Democrat (Michael Dukakis)53.23Massachusetts
83%
Democrat (Michael Dukakis)54.27Hawaii
71%
Democrat (Michael Dukakis)55.64Rhode Island
71%
Republican (George H.W. Bush)66.22%Utah
71%
Republican (George H.W. Bush)60.87Florida
63%
Democrat (Michael Dukakis)52.91Minnesota
60%
Republican (George H.W. Bush)62.08Idaho
58%
Democrat (Michael Dukakis)54.71Iowa
50%
Republican (George H.W. Bush)62.49New Hampshire
46%
Republican (George H.W. Bush)61.5South Carolina
38%

Score Distribution

Percentile by Number Answered

Percent of People with Each Score

Your Score History

You have not taken this quiz